10 verbes portugais, au présent - 2 - Statistiques

Statistiques générales
  • Ce quiz a été pris 126 fois
  • Le résultat moyen est 45 sur 50
Statistiques - réponses
Hint Réponse % Correct
Você/ele/ela bebe
97%
Eu bebo
97%
Você/ele/ela come
97%
Nós comemos
97%
Eu como
97%
Nós bebemos
93%
Vocês/eles/elas comem
93%
Manger Comer
93%
Você/ele/ela fala
93%
Vocês/eles/elas falam
93%
Nós falamos
93%
Parler Falar
93%
Eu falo
93%
Você/ele/ela ama
90%
Vocês/eles/elas amam
90%
Nós amamos
90%
Aimer Amar
90%
Eu amo
90%
Vocês/eles/elas bebem
90%
Boire Beber
90%
Você/ele/ela passa
90%
Vocês/eles/elas passam
90%
Nós passamos
90%
Passer Passar
90%
Eu passo
90%
Você/ele/ela pensa
90%
Vocês/eles/elas pensam
90%
Nós pensamos
90%
Penser Pensar
90%
Eu penso
90%
Você/ele/ela quer
90%
Eu quero
90%
Você/ele/ela vive
90%
Vocês/eles/elas vivem
90%
Nós vivemos
90%
Vivre Viver
90%
Eu vivo
90%
Você/ele/ela chega
87%
Vocês/eles/elas chegam
87%
Nós chegamos
87%
Arriver Chegar
87%
Eu chego
87%
Vocês/eles/elas querem
87%
Nós queremos
87%
Vouloir Querer
87%
Você/ele/ela precisa
73%
Vocês/eles/elas precisam
73%
Nós precisamos
73%
Avoir besoin Precisar
73%
Eu preciso
73%
Aucun quiz correspondant
Distribution des résultats
% des personnes avec chaque résultat
Percentile par nombre de réponses
Votre historique - résultats
Vous n’avez pas pris ce quiz